00881cam a22002651 4500952014800000999001700148001000800165003000900173005001700182008004100199010001700240035001800257040002900275042001200304050001700316082001600333100001800349245002300367260004500390300004100435500002600476651005600502906004500558942001200603 00102ddc41718NFICaASLbASLcGENd2021-03-06eASB Library Collectionsl0o954.6 MHRp107129r2021-03-06 00:00:00tC-1w2021-03-06yBKzRARE c22813d228137490421BDDh-ASL20231015030148.0740703s1948 pk 000 0 eng  a 60025149  a(OCoLC)935871 aDLCcNSyUdDLCdBDDh-ASL apremarc00aDS485.K2bD3 a954.6bMHR 1 aDe Mhaffe, A.10aRoad to Kashmir /  aLahore : bRipon Print. Press,c[1948?]. axxiii, 206 p. : bfold. map.c22 cm. aErrata slip inserted. 0aJammu and Kashmir (India)xPolitics and government. a7bcbccoclcrplduencipf19gy-gencatlg 2ddccBK